000 00311nam a22001337a 4500
020 _a9780470376256
082 _a551.492 HEA/IN
100 _aHeathcote,Isobel W
245 _aIntegrated watershed management
250 _aEd 2
260 _aNew Jersey
_bJohn Wiley & Sons
_c2009
300 _a453
942 _cBK
999 _c13878
_d13878